| 000 | 00473nam a2200205Ia 4500 | ||
|---|---|---|---|
| 003 | 0100 | ||
| 008 | 130303s9999 xx 000 0 und d | ||
| 020 | _a809134942 | ||
| 040 | _cARRUPELIB | ||
| 050 | _aBS1286.Z831994 | ||
| 100 | _aZucker, David J | ||
| 245 | _aIsrael's prophets | ||
| 245 | _ban introduction for christians and Jews | ||
| 260 | _aNY | ||
| 260 | _bPaulist Press | ||
| 260 | _C1994 | ||
| 300 | _a208 p. | ||
| 700 | _aDavid J. Zucker | ||
| 942 | 0 | 0 | _03 |
| 999 |
_c10832 _d10832 |
||